000 00346nab a22001097u 4500
008 130520b2006 xxu||||| |||| 00| 0 spa d
041 _aspa
100 1 _aTorres Queiruga, Andrés
_92747
245 0 0 _aResurrección y liturgia funeraria
_cAndrés Torres Queiruga
773 0 _tConcilium
_gnº318,2006,págs. 119-130
_x0210-1041
_wRev134
942 _cAR
999 _c379597
_d379597